000 00330nam a22001337a 4500
020 _qPB.
040 _cFIZZA ISHAQ
082 _a624.2
_bNKR
100 _aRAJU,KRISHNA N.
_943234
245 _aPRESTRESSED CONCRETE BRIDGES /
_cN.KRISHNA RAJU.
260 _aCAMBRIDGE UNIVERSITY ;
_c2014.
300 _a482 P. ;
942 _2ddc
_cBK
999 _c589746
_d589746